Wszystkie stolice Polski - Statystyki

Ogólne statystyki
  • Ten quiz został rozwiązany 54 razy
  • Średni wynik to 12 z 14
Statystyki odpowiedzi
Lata Miasta % Poprawnych
966-1038 Gniezno
100%
1038-1079 Kraków
100%
1138-1295 Kraków
100%
1296-1795* Kraków
100%
1815-1848 Kraków
100%
1807-1832 Warszawa
100%
1917-18 listopada 1918 Warszawa
100%
1918-1939 Warszawa
100%
1 lutego 1945-teraz Warszawa
100%
1295-1296 Poznań
87%
1079-1138 Płock
63%
7 listopada-11listopada 1918 Lublin
56%
27 lipca 1944-30 stycznia 1945 Lublin
56%
22 lipca 1944-27 lipca 1944 Chełm
21%
Nie znaleziono quizów pasujących do podanych kryteriów
Rozkład punktacji
Procent ludzi z każdym wynikiem
Percentyl według liczby udzielonych odpowiedzi
Twoja historia wyników
Nie rozwiązałeś tego quizu